| 000 | 00531cam a2200181ua 4500 | ||
|---|---|---|---|
| 020 | _c9.75 | ||
| 041 |
_aeng _h |
||
| 082 |
_a519.5163 _bCRO/EL |
||
| 100 | _aCroxton, Frederick E . | ||
| 245 |
_aElementary Statisties : with application in medicine and the Biological science / _cE Frederick Croxton. _hTextual Documents |
||
| 250 |
_a1 / _b. |
||
| 260 |
_aNew York : _bDover Publication Inc 180 Varick Street New york 14. |
||
| 300 | _a1953 ; . | ||
| 365 | _a9.75 | ||
| 504 | _a | ||
| 942 | _cBK | ||
| 999 |
_c3331 _d3331 |
||